000 00477nam a2200145Ia 4500
008 100204s9999 xx 000 0 und d
082 _b6540
100 _aदाभोलकर नरेंद्र्र अच्युत
245 _aकबड्डी
260 _bमहाराष्ट्र राज्य साहित्य मंडळ
_c1980
300 _a160+66
630 _aकबड्डी
730 _aकबड्डी
942 _cBOOK
999 _c450979
_d450976